MARC

Tag First Indicator Second Indicator Subfields
LEADER 00000cam a2200000 a 4500
001 in00000030302
005 20151007060256.0
008 870708s1987 scua b s00110aeng
010 |a  87020971  
020 |a 0872495310 
035 |a (OCoLC)16276453 
035 |9 AAC0468AM 
040 |a DLC  |c DLC  |d TXA  |d UtOrBLW 
043 |a n-us---  |a n-us-sc 
049 |a TXAM  |c 1 [A11090659]  |a TXAS [mil]  |c 2 
050 0 0 |a E595.N33  |b H86 1987 
082 0 |a 973.7/5  |a B  |2 19 
100 1 |a Hunter, Alvah Folsom. 
245 1 2 |a A year on a monitor and the destruction of Fort Sumter /  |c by Alvah Folsom Hunter ; edited and with an introduction by Craig L. Symonds. 
264 1 |a Columbia, S.C. :  |b University of South Carolina Press,  |c [1987] 
264 4 |c ©1987 
300 |a xix, 184 pages :  |b illustrations ;  |c 24 cm. 
336 |a text  |b txt  |2 rdacontent 
337 |a unmediated  |b n  |2 rdamedia 
338 |a volume  |b nc  |2 rdacarrier 
490 1 |a Classics in maritime history 
504 |a Includes bibliographical references and index. 
600 1 0 |a Hunter, Alvah Folsom. 
610 2 0 |a Nahant (Ship) 
651 0 |a Fort Sumter (Charleston, S.C.) 
651 0 |a United States  |x History  |y Civil War, 1861-1865  |x Naval operations. 
651 0 |a United States  |x History  |y Civil War, 1861-1865  |v Personal narratives. 
650 0 |a Sailors  |z United States  |v Biography. 
700 1 |a Symonds, Craig L. 
830 0 |a Classics in maritime history. 
999 |a MARS 
999 f f |s ec62ffee-fce8-3178-b35e-84626c98d17e  |i 1afec6e2-1f28-3b59-8232-a8e5b6cbbf27  |t 0 
952 f f |p noncirc  |a Texas A&M University  |b College Station  |c Cushing Memorial Library & Archives  |d Cushing: Ragan Military (Does not check out)  |t 0  |e E595.N33 H86 1987  |h Library of Congress classification  |i unmediated -- volume 
952 f f |p normal  |a Texas A&M University  |b Galveston Campus  |c Jack K. Williams Library  |d Galveston Stacks  |t 0  |e E595.N33 H86 1987  |h Library of Congress classification  |i unmediated -- volume  |m 33620001174990 
952 f f |p normal  |a Texas A&M University  |b College Station  |c Sterling C. Evans Library  |d Evans: Library Stacks  |t 0  |e E595.N33 H86 1987  |h Library of Congress classification  |i unmediated -- volume  |m A14811090659 
998 f f |a E595.N33 H86 1987  |t 0  |l Galveston Stacks 
998 f f |a E595.N33 H86 1987  |t 0  |l Cushing: Ragan Military (Does not check out) 
998 f f |a E595.N33 H86 1987  |t 0  |l Evans: Library Stacks